[Event "Goch op 27th"]
[Site "Goch"]
[Date "2016.09.04"]
[Round "7"]
[White "Coolen, Marlo"]
[Black "Bauchmueller, Franz Josef"]
[Result "0-1"]
[WhiteElo "1809"]
[BlackElo "1710"]
[PlyCount "52"]
[EventDate "2016.09.01"]
[EventType "swiss"]
[EventRounds "7"]
[EventCountry "GER"]
[SourceTitle "EXT 2018"]
[Source "ChessBase"]
[SourceDate "2017.10.13"]
[SourceVersion "1"]
[SourceVersionDate "2017.10.13"]
[SourceQuality "1"]

1. e4 e5 2. Nf3 Nc6 3. d4 exd4 4. Nxd4 Bc5 5. Be3 Qf6 6. Nb5 Bxe3 7. fxe3 Qh4+ 8. g3 Qd8 9. Qg4 g6 10. Qf4 d6 11. Bc4 Ne5 12. Bb3 a6 13. N5c3 Bh3 14. Nd2 g5 15. Qf2 Nh6 16. 0-0-0 Nhg4 17. Qe2 b5 18. Nf3 Nxf3 19. Qxf3 Ne5 20. Qf2 c6 21. Ne2 Qe7 22. Rhe1 0-0-0 23. a4 Rhf8 24. axb5 axb5 25. Nd4 Bg4 26. Nf5 Qc7 0-1

[Event "Goch op 27th"]
[Site "Goch"]
[Date "2016.09.03"]
[Round "4"]
[White "Paschmann, Stefan"]
[Black "Coolen, Marlo"]
[Result "1-0"]
[WhiteElo "1841"]
[BlackElo "1809"]
[PlyCount "149"]
[EventDate "2016.09.01"]
[EventType "swiss"]
[EventRounds "7"]
[EventCountry "GER"]
[SourceTitle "EXT 2018"]
[Source "ChessBase"]
[SourceDate "2017.10.13"]
[SourceVersion "1"]
[SourceVersionDate "2017.10.13"]
[SourceQuality "1"]

1. d4 d5 2. Nf3 Nf6 3. Bf4 c6 4. c3 e6 5. Nbd2 Nbd7 6. h3 Be7 7. e3 0-0 8. Bd3 Re8 9. Ne5 g6 10. g4 Nxe5 11. dxe5 Nd7 12. Nf3 Nc5 13. Bc2 Ne4 14. Bxe4 dxe4 15. Qxd8 Rxd8 16. Nd2 b6 17. Nxe4 c5 18. 0-0 Bb7 19. Nd6 Bf3 20. Rfe1 h5 21. g5 Bc6 22. Rad1 Rd7 23. Nc4 Rad8 24. Rxd7 Rxd7 25. Nd6 Kf8 26. Rd1 Bf3 27. Rd2 Bc6 28. Kf1 Bd5 29. a3 Bc6 30. Ke2 Bd8 31. h4 Be7 32. Nc8 Rc7 33. Nd6 Rd7 34. b4 cxb4 35. cxb4 a6 36. Rc2 Rc7 37. Kd2 b5 38. Rc3 Bd8 39. e4 Be8 40. Be3 Rxc3 41. Kxc3 Bc6 42. Bc5 Be7 43. Kd4 Bd7 44. Nb7 Bc6 45. Bxe7+ Kxe7 46. Nc5 Kd8 47. Nxa6 Kc8 48. Nc5 Kc7 49. f3 Kb6 50. Nd3 Bd7 51. Nc1 Kc6 52. Ne2 Kb6 53. Ke3 Bc6 54. Nd4 Bd7 55. f4 Bc8 56. f5 Bd7 57. fxg6 fxg6 58. Ne2 Be8 59. Nf4 Bf7 60. Kd4 Kc6 61. Kc3 Kb6 62. Kb3 Ka6 63. a4 bxa4+ 64. Kxa4 Be8+ 65. Kb3 Kb5 66. Kc3 Bf7 67. Ne2 Bg8 68. Nd4+ Kb6 69. Kc4 Bf7 70. Nb3 Be8 71. Nc5 Bf7 72. Na4+ Kb7 73. Kc5 Be8 74. b5 Bd7 75. Nb2 1-0

[Event "Goch op 27th"]
[Site "Goch"]
[Date "2016.09.02"]
[Round "2"]
[White "Wiley, Tom E"]
[Black "Coolen, Marlo"]
[Result "1-0"]
[WhiteElo "2211"]
[BlackElo "1809"]
[PlyCount "75"]
[EventDate "2016.09.01"]
[EventType "swiss"]
[EventRounds "7"]
[EventCountry "GER"]
[SourceTitle "EXT 2018"]
[Source "ChessBase"]
[SourceDate "2017.10.13"]
[SourceVersion "1"]
[SourceVersionDate "2017.10.13"]
[SourceQuality "1"]

1. d4 d5 2. Bf4 c6 3. e3 Nf6 4. c4 e6 5. Nc3 Nbd7 6. Nf3 Be7 7. h3 0-0 8. c5 b5 9. Bd3 h6 10. Qc2 b4 11. Na4 a5 12. a3 bxa3 13. Rxa3 Ba6 14. 0-0 Bxd3 15. Qxd3 Ne4 16. Rfa1 Nef6 17. Nc3 Nxc5 18. dxc5 Bxc5 19. R3a2 Bb4 20. Rc1 Nd7 21. Na4 Rc8 22. Ne5 Nxe5 23. Bxe5 c5 24. b3 Rc6 25. Rac2 Ba3 26. Ra1 Bb4 27. Qb5 Qc8 28. Bc3 Qa6 29. Qxa6 Rxa6 30. Bxb4 cxb4 31. Rc5 Rfa8 32. Rac1 R8a7 33. f4 g6 34. Kf2 Kg7 35. Kf3 Kf6 36. Rb5 h5 37. Nc5 Rd6 38. Ra1 1-0

[Event "Goch op 25th"]
[Site "Goch"]
[Date "2014.09.07"]
[Round "7"]
[White "Coolen, Marlo"]
[Black "Esser, Jochen"]
[Result "0-1"]
[WhiteElo "1853"]
[BlackElo "2028"]
[PlyCount "54"]
[EventDate "2014.09.04"]
[EventType "swiss"]
[EventRounds "7"]
[EventCountry "GER"]
[SourceTitle "EXT 2016"]
[Source "ChessBase"]
[SourceDate "2015.10.08"]
[SourceVersion "1"]
[SourceVersionDate "2015.10.08"]
[SourceQuality "1"]

1. e4 e5 2. Nf3 Nc6 3. d4 exd4 4. Nxd4 Nf6 5. Nc3 Bb4 6. Nxc6 bxc6 7. Bd3 d5 8. exd5 cxd5 9. Bb5+ Bd7 10. Qe2+ Be7 11. Bxd7+ Qxd7 12. 0-0 0-0 13. h3 Rab8 14. Qd3 c5 15. b3 h6 16. Bf4 Rb4 17. Bh2 c4 18. bxc4 Rxc4 19. Rad1 Qc6 20. Nxd5 Nxd5 21. Qxd5 Qxd5 22. Rxd5 Rxc2 23. Ra5 Bc5 24. Bg3 Rd8 25. Kh2 Rdd2 26. Kg1 g5 27. a4 f5 0-1

[Event "Goch op 25th"]
[Site "Goch"]
[Date "2014.09.07"]
[Round "6"]
[White "Paschmann, Stefan"]
[Black "Coolen, Marlo"]
[Result "0-1"]
[WhiteElo "1898"]
[BlackElo "1853"]
[PlyCount "56"]
[EventDate "2014.09.04"]
[EventType "swiss"]
[EventRounds "7"]
[EventCountry "GER"]
[SourceTitle "EXT 2016"]
[Source "ChessBase"]
[SourceDate "2015.10.08"]
[SourceVersion "1"]
[SourceVersionDate "2015.10.08"]
[SourceQuality "1"]

1. d4 d5 2. Nf3 Nf6 3. Bg5 Nbd7 4. e3 c6 5. Nbd2 e6 6. Bd3 Be7 7. 0-0 0-0 8. Ne5 Nxe5 9. dxe5 Nd7 10. Bf4 Nc5 11. Be2 Bg5 12. Bg3 g6 13. c3 Bh4 14. Nf3 Bxg3 15. hxg3 Nd7 16. Qd4 Qc7 17. Qf4 f6 18. exf6 Qxf4 19. exf4 Nxf6 20. Bd3 Bd7 21. Rfe1 Rae8 22. Re2 Re7 23. Rae1 Rfe8 24. f5 e5 25. fxg6 e4 26. gxh7+ Nxh7 27. Nh2 exd3 28. Rxe7 Rxe7 0-1

[Event "Goch op 25th"]
[Site "Goch"]
[Date "2014.09.05"]
[Round "2"]
[White "Knoell, Dominik"]
[Black "Coolen, Marlo"]
[Result "1/2-1/2"]
[WhiteElo "1536"]
[BlackElo "1853"]
[PlyCount "37"]
[EventDate "2014.09.04"]
[EventType "swiss"]
[EventRounds "7"]
[EventCountry "GER"]
[SourceTitle "EXT 2016"]
[Source "ChessBase"]
[SourceDate "2015.10.08"]
[SourceVersion "1"]
[SourceVersionDate "2015.10.08"]
[SourceQuality "1"]

1. d4 d5 2. c4 c6 3. Nc3 Nf6 4. Nf3 e6 5. Bg5 Nbd7 6. e3 a6 7. Rc1 Be7 8. Bd3 h6 9. Bxf6 Nxf6 10. 0-0 dxc4 11. Bxc4 b5 12. Bd3 Bb7 13. Ne4 Rc8 14. Ne5 c5 15. Nxc5 Bxc5 16. Rxc5 0-0 17. b4 Nd5 18. a3 Nc3 19. Qc2 1/2-1/2

[Event "Arco op 34th"]
[Site "Arco"]
[Date "2012.10.21"]
[Round "9"]
[White "Kierzek, Mira"]
[Black "Coolen, Marlo"]
[Result "1-0"]
[WhiteElo "2018"]
[BlackElo "1873"]
[PlyCount "89"]
[EventDate "2012.10.13"]
[EventType "swiss"]
[EventRounds "9"]
[EventCountry "ITA"]
[SourceTitle "EXT 2013"]
[Source "ChessBase"]
[SourceDate "2012.11.22"]
[SourceVersion "1"]
[SourceVersionDate "2012.11.22"]
[SourceQuality "1"]

1. d4 d5 2. Nf3 Nf6 3. e3 c6 4. Bd3 Nbd7 5. Nbd2 Qc7 6. 0-0 e6 7. c4 Be7 8. b3 0-0 9. Bb2 Re8 10. Rc1 Qd8 11. Bb1 Nf8 12. Ne5 N6d7 13. f4 f5 14. Ndf3 Nxe5 15. Nxe5 Ng6 16. Nd3 Bd7 17. Kh1 Bf8 18. Rf3 Qf6 19. Rh3 Rec8 20. Qe2 Be8 21. Rg1 h6 22. Nf2 Kf7 23. g4 Bd6 24. gxf5 exf5 25. Nd3 Ke7 26. Ne5 Kd8 27. Rhg3 Bxe5 28. dxe5 Qe6 29. Qd3 Nh4 30. cxd5 cxd5 31. Qd1 Rc7 32. Bd4 Rac8 33. Rxg7 h5 34. R7g3 b6 35. Qd2 Ng6 36. Qb4 Rc1 37. Qa3 Rxg1+ 38. Kxg1 Rc7 39. Kf2 h4 40. Rg5 Rf7 41. h3 Nf8 42. Bd3 Nh7 43. Rg8 Qe7 44. Bxb6+ axb6 45. Qa8+ 1-0